Statistiques concernant Chansons 70/80's

Cliquez ici pour prendre le quiz!

Statistiques générales

  • Ce quiz a été pris 245 fois
  • Le résultat moyen est 9 sur 18

Statistiques - réponses

ChansonsChanteur/Groupe% Correct
Laissez-Moi DanserDalida
87%
Mamma MiaAbba
85%
L'été IndienJoe Dassin
81%
Stayin'AliveBee Gees
80%
Highway to HellACDC
74%
Nuit de folieDébut de Soirée
67%
Born to be AlivePatrick Hernandez
67%
RasputinBoney M
64%
Est-ce que tu viens pour les vacancesDavid et Jonathan
63%
AndyRita Mitsouko
56%
Hot StuffDonna Summer
41%
AfricaRose Laurens
39%
DisparueJean-Pierre Mader
35%
Life is LifeOpus
33%
Hammer to FallQueen
20%
Get Down On ItKool And The Gang
18%
ManiacMichael Sembello
11%
It's Raining MenGeri Halliwell
6%

Distribution des résultats

Percentile par nombre de réponses

% des personnes avec chaque résultat

Votre développement - résultats

Vous n’avez pas pris ce quiz